000 00397nam a2200181Ia 4500
005 20240823034256.0
008 240823s9999||||xx |||||||||||||| ||und||
041 _aMALAYALAM
082 _A920 Q0
100 _aSathyan P P
245 0 _aLoka Ithihasangal
250 _a1st
260 _c2010
_bChintha Publi
500 _aYES
650 _aGeneral
_bGeneral
942 _cBK
999 _c197851
_d197851